Buenos Aires : Tango.

Guardado en:
Formato: Deslizar
Materias:
Etiquetas: Agregar Etiqueta
Sin Etiquetas, Sea el primero en etiquetar este registro!
LEADER 01034ngm a22002775g 4500
001 CEM.cems022359
008 130507b1998##################0###0#####d
005 20241029165949.0
245 0 0 |a Buenos Aires :  |b Tango. 
300 |a 29'. 
500 |a En soporte VHS, consultar en ventanilla. 
538 |a Soporte: VHS - Norma: Pal N - Color: Si - Grabación DRD 1998 - Hitachi=2720 
505 0 |a Orígenes del tango: Angel Villoldo. Influencia negra. Precursores: la importancia de Carlos Gardel, Azucena Maizani, Libertad Lamarque, Tita Merello. Enrique Santos Discépolo y la evolución del género. Actualidad del tango. 
082 7 8 |/ TRA 
653 |a MUSICA 
653 |a ARGENTINA-MUSICA 
653 |a BUENOS AIRES 
653 |a TANGO 
653 |a VILLOLDO, A. 
653 |a GARDEL, CARLOS 
653 |a DISCEPOLO, ENRIQUE S. 
653 |a LAMARQUE, LIBERTAD 
653 |a MERELLO, TITA 
653 |a NIVEL PRIMARIO 
653 |a NIVEL SECUNDARIO 
859 |a CEMS  |b BIB. CEMS - Depto. Recursos Didacticos  |h 782  |i TRA  |k DRD  |p 1002.12  |t Ej.1